LEADER 00921naa a2200217 u 4500 001 000000103392 003 CaOOAMICUS 005 20070226130215.0 008 061115s1978 it u000 u ita u 035 $a11106935 040 $aIAR$bita 100 1 $aVanni Rovighi, Sofia,$d1908-1990.$0(OLS)http://pul/name/5652 245 10$aC'è un'etica filosofica in san Rommaso d'Aquino ? /$cSofia Vanni Rovighi. 260 $aMilano :$bVita e pensiero,$c1978. 300 $av.2, p. 129-148 ;$c22 cm 500 $aIAR: CCI.222 600 04$aThomas Aquinas,$cs.,$dc. 1225-1274$xEtica.$0(OLS)http://pul/subject/25171 773 0 $aStudi di filosofia medioevale (Vanni Rovighi, Sofia) 773 0 $aVanni Rovighi, Sofia.$tStudi di filosofia medioevale$g19-20.$w()12175 996 $6245$aC'è un'etica filosofica in san Rommaso d'Aquino ?$9(OLS)http://pul/title/130297 996 $6260$aMilano :$bVita e pensiero$9(OLS)http://pul/publisher/48016 LEADER 01313nam a2200301 a 4500 001 000000128135 003 CaOOAMICUS 005 20120322092753.0 008 120322s2012 it u000 u ita r 020 $a978-88-7180-965-6 040 $aPUL$bita 082 04$a215 245 00$aConversazioni su scienza e fede /$ca cura del Centro di documentazione interdisciplinare di scienza e fede della Pontificia Università della Santa Croce. 260 $aTorino :$bLindau,$c2012. 300 $a228 p. ;$c21 cm 490 1 $aI delfini 504 $aContiene riferimenti bibliografici. 650 4$aReligione e scienza.$0(OLS)http://pul/subject/147 710 2 $aPontificia Università della Santa Croce.$bCentro di documentazione interdisciplinare di scienza e fede.$0(OLS)http://pul/name/81851 830 2$aI delfini.$0(OLS)http://pul/title/38077 850 $aPUL 852 $aPUL$W1$xSL Religione 3$y85$m215 CDISF 1$j148303$qDDC 21$B146911$CPULBib$Z2$F146911 $H119369 $82 941 1 $a9 996 $6020$a978-88-7180-965-6$9(OLS)http://pul/number/149266 996 $6082$a215$9(OLS)http://pul/classification/503 996 $6245$aConversazioni su scienza e fede$9(OLS)http://pul/title/161913 996 $6260$aTorino :$bLindau$9(OLS)http://pul/publisher/70945